[Event "BCF-chT2a 0809 (4NCL)"]
[Site "Hinckley Island"]
[Date "2008.12.07"]
[Round "4.6"]
[White "Birtwistle, Nigel"]
[Black "Cabero, Pablo Padilla"]
[Result "1-0"]
[WhiteElo "2106"]
[BlackElo "2162"]
[PlyCount "64"]
[EventDate "2008.10.04"]
[EventType "team-tourn"]
[EventRounds "7"]
[EventCountry "ENG"]
[SourceTitle "EXT 2010"]
[Source "ChessBase"]
[SourceDate "2010.11.25"]
[SourceVersion "1"]
[SourceVersionDate "2010.11.25"]
[SourceQuality "1"]
[WhiteTeam "Pandoras Box"]
[BlackTeam "Brown Jack"]
[WhiteTeamCountry "ENG"]
[BlackTeamCountry "ENG"]

1. e4 Nf6 2. e5 Nd5 3. d4 c5 4. c3 d6 5. dxc5 dxc5 6. Bc4 e6 7. Qe2 Be7 8. Nf3 Nd7 9. 0-0 N7b6 10. Bd3 Bd7 11. a3 c4 12. Bxc4 Nxc4 13. Qxc4 Qb6 14. Qg4 h5 15. Qe4 Bc6 16. Qe2 Qa5 17. Nd4 Rc8 18. c4 Nb6 19. Nd2 Ba4 20. b4 Qa6 21. b5 Qa5 22. Bb2 Nd7 23. Rac1 Nc5 24. Ne4 Rd8 25. Nd6+ Bxd6 26. exd6 Rxd6 27. Nf5 Rd2 28. Qe5 Nd3 29. Nxg7+ Kd7 30. Qd4+ Kc8 31. Bc3 Rd8 32. Qe3 Nxc1 1-0

[Event "BCF-chT3 0607 (4NCL)"]
[Site "Sunningdale"]
[Date "2007.05.06"]
[Round "10.6"]
[White "Sandu, Mihaela"]
[Black "Cabero, Pablo Padilla"]
[Result "1/2-1/2"]
[WhiteElo "2226"]
[BlackElo "2085"]
[PlyCount "37"]
[EventDate "2006.09.16"]
[EventType "team"]
[EventRounds "11"]
[EventCountry "ENG"]
[SourceTitle "EXT 2008"]
[Source "ChessBase"]
[SourceDate "2007.11.25"]
[SourceVersion "1"]
[SourceVersionDate "2007.11.25"]
[SourceQuality "1"]
[WhiteTeam "Kings Head"]
[BlackTeam "Braille Chess Association"]
[WhiteTeamCountry "ENG"]
[BlackTeamCountry "ENG"]

1. e4 Nf6 2. e5 Nd5 3. d4 c5 4. Nf3 d6 5. c4 Nb4 6. exd6 Bf5 7. Na3 exd6 8. Be2 Be7 9. 0-0 a6 10. Bd2 Bf6 11. Bxb4 cxb4 12. Nc2 Bxc2 13. Qxc2 0-0 14. Bd3 g6 15. Be4 Nc6 16. Rfd1 Rc8 17. Rac1 Re8 18. Bd5 a5 19. Bxc6 1/2-1/2

[Event "BCF-chT3 0607 (4NCL)"]
[Site "Sunningdale"]
[Date "2007.01.13"]
[Round "5.5"]
[White "Harman, Kenneth B"]
[Black "Cabero, Pablo Padilla"]
[Result "1/2-1/2"]
[WhiteElo "2168"]
[BlackElo "2085"]
[PlyCount "147"]
[EventDate "2006.09.16"]
[EventType "team"]
[EventRounds "11"]
[EventCountry "ENG"]
[SourceTitle "EXT 2008"]
[Source "ChessBase"]
[SourceDate "2007.11.25"]
[SourceVersion "1"]
[SourceVersionDate "2007.11.25"]
[SourceQuality "1"]
[WhiteTeam "Cheddleton"]
[BlackTeam "Braille Chess Association"]
[WhiteTeamCountry "ENG"]
[BlackTeamCountry "ENG"]

1. d4 f5 2. Bg5 d5 3. e3 c6 4. Nf3 Qb6 5. Nbd2 Nd7 6. Bd3 g6 7. Rb1 a5 8. h4 h6 9. Bf4 Ngf6 10. Be5 Bg7 11. g4 e6 12. gxf5 gxf5 13. Rg1 Rg8 14. c4 Ng4 15. Bxg7 Rxg7 16. cxd5 cxd5 17. Qa4 Qb4 18. Bb5 Kf8 19. Ke2 Nb6 20. Qxb4+ axb4 21. Ra1 Ra5 22. Bd3 Na4 23. Rgc1 Bd7 24. Rc2 Nf6 25. Ne5 Be8 26. a3 bxa3 27. Rxa3 Ne4 28. Kf1 Ra8 29. Nxe4 fxe4 30. Be2 Rd8 31. b3 Nb6 32. Ra7 h5 33. Rc5 Rb8 34. Ra1 Nc8 35. Rac1 Nd6 36. Rc7 Rxc7 37. Rxc7 Rc8 38. Rh7 Kg8 39. Re7 Nf5 40. Rxb7 Nxh4 41. Ke1 Ng6 42. b4 Nxe5 43. dxe5 Bg6 44. Kd2 h4 45. Bf1 Bf5 46. b5 h3 47. b6 Rc6 48. Rb8+ Kg7 49. b7 Rb6 50. Kc3 Bg4 51. Bxh3 Bxh3 52. Kd4 Rb5 53. Kc3 Bf1 54. Kd4 Be2 55. Kc3 Rb6 56. Kd4 Ba6 57. Re8 Rxb7 58. Rxe6 Bc4 59. Rc6 Rf7 60. e6 Rxf2 61. Rc7+ Kg8 62. Ke5 Rf8 63. Ra7 Rf3 64. Ra8+ Kg7 65. e7 Bb5 66. e8Q Bxe8 67. Rxe8 Kf7 68. Re6 d4 69. exd4 e3 70. Ke4 Rh3 71. Re5 e2 72. Kf4 Rh4+ 73. Kf3 Rxd4 74. Kxe2 1/2-1/2

[Event "BCF-chT4 0506 (4NCL)"]
[Site "West Bromwich"]
[Date "2005.12.04"]
[Round "4.5"]
[White "Kreuzer, Christopher RL"]
[Black "Cabero, Pablo Padilla"]
[Result "0-1"]
[WhiteElo "1995"]
[BlackElo "1955"]
[PlyCount "66"]
[EventDate "2005.11.05"]
[EventType "team"]
[EventRounds "11"]
[EventCountry "ENG"]
[SourceTitle "CBM 109 Extra"]
[Source "ChessBase"]
[SourceDate "2006.01.03"]
[SourceVersion "2"]
[SourceVersionDate "2006.01.03"]
[SourceQuality "1"]
[WhiteTeam "Cambridge II"]
[BlackTeam "Brown Jack"]
[WhiteTeamCountry "ENG"]
[BlackTeamCountry "ENG"]

1. e4 Nf6 2. e5 Nd5 3. d4 c5 4. c4 Nb4 5. d5 d6 6. exd6 Bf5 7. Na3 exd6 8. Be2 Be7 9. Nf3 Bf6 10. 0-0 0-0 11. Ne1 Nd7 12. Nac2 Re8 13. Nxb4 cxb4 14. Nd3 Qe7 15. Re1 Qe4 16. Bf4 Bxb2 17. Bg4 Qxd3 18. Qxd3 Bxd3 19. Bxd7 Red8 20. Rad1 Bxc4 21. Ba4 Bc3 22. Re7 b5 23. Bb3 a5 24. Bxc4 bxc4 25. Rc7 Rac8 26. Bxd6 b3 27. axb3 cxb3 28. Rxc8 Rxc8 29. Ba3 Bb4 30. Bb2 a4 31. d6 a3 32. d7 Rd8 33. Rd3 axb2 0-1